MARC details
| 000 -LEADER |
| fixed length control field |
01140cam a2200325Ia 4500 |
| 001 - CONTROL NUMBER |
| control field |
7844489 |
| 003 - CONTROL NUMBER IDENTIFIER |
| control field |
OSt |
| 005 - DATE AND TIME OF LATEST TRANSACTION |
| control field |
20150709095750.0 |
| 006 - FIXED-LENGTH DATA ELEMENTS--ADDITIONAL MATERIAL CHARACTERISTICS |
| fixed length control field |
m d |
| 007 - PHYSICAL DESCRIPTION FIXED FIELD--GENERAL INFORMATION |
| fixed length control field |
cr n |
| 008 - FIXED-LENGTH DATA ELEMENTS--GENERAL INFORMATION |
| fixed length control field |
050825s2006 caua s 001 0 eng d |
| 020 ## - INTERNATIONAL STANDARD BOOK NUMBER |
| International Standard Book Number |
9781590596043 |
| 020 ## - INTERNATIONAL STANDARD BOOK NUMBER |
| International Standard Book Number |
1590596048 |
| 040 ## - CATALOGING SOURCE |
| Original cataloging agency |
SEKU |
| 050 #4 - LIBRARY OF CONGRESS CALL NUMBER |
| Classification number |
TK 5105.8885.S76 |
| Item number |
D6 |
| 100 1# - MAIN ENTRY--PERSONAL NAME |
| Personal name |
Doray, Arnold. |
| 210 10 - ABBREVIATED TITLE |
| Abbreviated title |
Beginning Apache Struts |
| 245 10 - TITLE STATEMENT |
| Title |
Beginning Apache Struts : |
| Remainder of title |
from novice to professional / |
| Statement of responsibility, etc. |
Arnold Doray. |
| 260 ## - PUBLICATION, DISTRIBUTION, ETC. (IMPRINT) |
| Place of publication, distribution, etc. |
Berkeley, CA : |
| Name of publisher, distributor, etc. |
Apress ; |
| Place of publication, distribution, etc. |
New York : |
| Name of publisher, distributor, etc. |
distributed by Springer-Verlag, |
| Date of publication, distribution, etc. |
2006. |
| 300 ## - PHYSICAL DESCRIPTION |
| Extent |
508 p. : |
| Other physical details |
ill. |
| 490 1# - SERIES STATEMENT |
| Series statement |
Expert's voice in Java |
| 650 #0 - SUBJECT ADDED ENTRY--TOPICAL TERM |
| Topical term or geographic name as entry element |
Struts framework. |
| 650 #0 - SUBJECT ADDED ENTRY--TOPICAL TERM |
| Topical term or geographic name as entry element |
Web sites |
| General subdivision |
Authoring programs. |
| 650 #0 - SUBJECT ADDED ENTRY--TOPICAL TERM |
| Topical term or geographic name as entry element |
Web site development. |
| 773 #0 - HOST ITEM ENTRY |
| Title |
SpringerLink ebooks - Professional and Applied Computing (2006) |
| 830 #0 - SERIES ADDED ENTRY--UNIFORM TITLE |
| Uniform title |
Expert's voice in Java. |
| 856 40 - ELECTRONIC LOCATION AND ACCESS |
| Uniform Resource Identifier |
<a href="http://www.columbia.edu/cgi-bin/cul/resolve?clio7844489">http://www.columbia.edu/cgi-bin/cul/resolve?clio7844489</a> |
| Public note |
Full text available from SpringerLink ebooks - Professional and Applied Computing (2006) |
| 910 ## - USER-OPTION DATA (OCLC) |
| User-option data |
Vendor-generated brief record |
| 942 ## - ADDED ENTRY ELEMENTS (KOHA) |
| Source of classification or shelving scheme |
Library of Congress Classification |
| Koha item type |
General circulation |